[Event "South Jutland-chT 2122 Series 3"]
[Site "Denmark"]
[Date "2021.11.21"]
[Round "1"]
[White "Andersen, Baltser"]
[Black "Petersen, Simon Fly"]
[Result "1-0"]
[WhiteElo "1550"]
[BlackElo "1400"]
[PlyCount "126"]
[EventDate "2021.11.02"]
[EventType "team-tourn"]
[EventRounds "7"]
[EventCountry "DEN"]
[SourceTitle "EXT 2025"]
[Source "ChessBase"]
[SourceDate "2024.10.14"]
[SourceVersion "1"]
[SourceVersionDate "2024.10.14"]
[SourceQuality "1"]
[WhiteTeam "Logumkloster"]
[BlackTeam "Tonder II"]
[WhiteTeamCountry "DEN"]
[BlackTeamCountry "DEN"]

1. f4 e5 2. fxe5 d6 3. exd6 Bxd6 4. Nf3 g5 5. d4 g4 6. Ne5 f6 7. Nd3 Nc6 8. c3 Bf5 9. Bf4 Qe7 10. Bxd6 Qxd6 11. Qd2 0-0-0 12. Na3 Qd5 13. b3 Kb8 14. 0-0-0 Nge7 15. Nf4 Qe4 16. e3 Ng6 17. Bd3 Qe7 18. Bxf5 Qxa3+ 19. Qb2 Qe7 20. Bxg6 hxg6 21. Nxg6 Qxe3+ 22. Qd2 Rhe8 23. Qxe3 Rxe3 24. Kc2 Rde8 25. g3 a6 26. Nf4 Nd8 27. Rhf1 f5 28. Rd3 Re1 29. Rf2 Nf7 30. Rd1 Ng5 31. Rxe1 Rxe1 32. Re2 Nf3 33. Rxe1 Nxe1+ 34. Kd1 Nf3 35. h3 Kc8 36. hxg4 fxg4 37. Ng2 Ng5 38. Nf4 Ne4 39. Ne2 Kd7 40. Kc2 Kd6 41. Kd3 Nf6 42. c4 b6 43. Ke3 c6 44. Kf4 b5 45. Nc3 bxc4 46. bxc4 Ke6 47. Ne4 Nd7 48. Kxg4 a5 49. Kf4 Nb6 50. Nd2 Na4 51. g4 Nc3 52. Kf3 Nxa2 53. Nb3 Nb4 54. Nxa5 Kf7 55. Ke4 Ke6 56. Nb3 Na6 57. g5 Nb4 58. Nc5+ Kf7 59. Kf5 Kg7 60. Ne6+ Kh7 61. Kf6 Kg8 62. g6 Kh8 63. Kf7 Nd5 1-0